Report of the study group on wages incomes and prices (Record no. 742070)

MARC details
000 -LEADER
fixed length control field 00646nam a2200229Ia 4500
003 - CONTROL NUMBER IDENTIFIER
control field OSt
005 - DATE AND TIME OF LATEST TRANSACTION
control field 20220928111804.0
008 - FIXED-LENGTH DATA ELEMENTS--GENERAL INFORMATION
fixed length control field 220927b |||||||| |||| 00| 0 eng d
037 ## - SOURCE OF ACQUISITION
Terms of availability Textual
040 ## - CATALOGING SOURCE
Original cataloging agency SDCL
Transcribing agency SDCL
Language of cataloging eng
041 ## - LANGUAGE CODE
Source of code eng
Language code of text/sound track or separate title eng
100 ## - MAIN ENTRY--PERSONAL NAME
Personal name India,Finance(Mn of)
9 (RLIN) 425070
245 #0 - TITLE STATEMENT
Title Report of the study group on wages incomes and prices
260 ## - PUBLICATION, DISTRIBUTION, ETC.
Place of publication, distribution, etc. New Delhi
Name of publisher, distributor, etc. Minister of Finance
Date of publication, distribution, etc. 1978
300 ## - PHYSICAL DESCRIPTION
Extent ii,146p
Dimensions cm.
942 ## - ADDED ENTRY ELEMENTS (KOHA)
Classification part X:93.2'N7t, L8
Koha item type Textual
Source of classification or shelving scheme Colon Classification (CC)
Holdings
Withdrawn status Lost status Damaged status Not for loan Home library Current library Date acquired Total Checkouts Full call number Barcode Date last seen Price effective from Koha item type
        South Campus Library South Campus Library 2022-09-28   X:93.2'N7t L8 SC0612086 2022-09-28 2022-09-28 Textual
Copyright @ Delhi University Library System